|
|
|
|
| LEADER |
01526nam a2200337 4500 |
| 001 |
c000318660 |
| 003 |
CARM |
| 005 |
00000000000000.0 |
| 008 |
740826r1966 nyu b 00010 eng |
| 010 |
|
|
|a 74177243 //r963
|
| 019 |
1 |
|
|a 338030
|5 LACONCORD2021
|
| 035 |
|
|
|a (OCoLC)233305
|5 LACONCORD2021
|
| 041 |
0 |
|
|a engang
|
| 043 |
|
|
|a e-uk---
|
| 050 |
0 |
0 |
|a PR215
|b .W4 1966
|
| 082 |
0 |
0 |
|a 829/.1
|
| 100 |
1 |
|
|a Williams, Blanche Colton,
|d 1879-1944.
|
| 245 |
1 |
0 |
|a Gnomic poetry in Anglo-Saxon,
|c edited with introd., notes and glossary by Blanche Colton Williams.
|
| 260 |
|
|
|a New York,
|b AMS Press,
|c 1966 [c1914]
|
| 300 |
|
|
|a xiii, 171 p.
|c 23 cm.
|
| 500 |
|
|
|a Reprint of the ed. published by Columbia University Press, New York, in series: Columbia University studies in English and comparative literature.
|
| 500 |
|
|
|a Also presented as the author's thesis, Columbia University, 1914.
|
| 504 |
|
|
|a Includes bibliographical references.
|
| 650 |
|
0 |
|a Gnomic poetry, English (Old)
|x History and criticism.
|
| 650 |
|
0 |
|a English poetry
|y Old English, ca. 450-1100
|x History and criticism.
|
| 650 |
|
0 |
|a Civilization, Anglo-Saxon, in literature.
|
| 650 |
|
0 |
|a Civilization, Medieval, in literature.
|
| 830 |
|
|
|a Columbia University studies in English and comparative literature ;
|
| 852 |
8 |
|
|b CARM
|h A1:AM23G0
|i B09540
|p 0433120
|f BK
|
| 999 |
f |
f |
|i bffcdb2d-334e-5314-a741-4e41d2b179b9
|s cc91570d-9106-528e-9a0b-7615f003fb02
|
| 952 |
f |
f |
|p Can circulate
|a CAVAL
|b CAVAL
|c CAVAL
|d CARM 1 Store
|e B09540
|f A1:AM23G0
|h Other scheme
|i book
|m 0433120
|